Rethinking connectivity : (Record no. 100284)
[ view plain ]
| 000 -LEADER | |
|---|---|
| fixed length control field | 00698nam a22002177a 4500 |
| 005 - DATE AND TIME OF LATEST TRANSACTION | |
| control field | 20181204144743.0 |
| 010 ## - LCCN (DPL NO) | |
| LC control number | ENG-115253 |
| 020 ## - INTERNATIONAL STANDARD BOOK NUMBER | |
| International Standard Book Number | 9789384082840 |
| Terms of availability | 1450.00 |
| 035 ## - SYSTEM CONTROL NUMBER | |
| System control number | EN-98785 |
| 037 ## - SOURCE OF ACQUISITION | |
| Source of stock number/acquisition | DBAD/PUB |
| 082 ## - DEWEY DECIMAL CLASSIFICATION NUMBER | |
| Classification number | 303.4825 |
| 245 ## - TITLE STATEMENT | |
| Title | Rethinking connectivity : |
| Remainder of title | region, place and space in Asia / |
| Statement of responsibility, etc | edited by Lipi Ghosh [and] Rila Mukherjee |
| 260 ## - PUBLICATION, DISTRIBUTION, ETC. (IMPRINT) | |
| Place of publication, distribution, etc | Delhi |
| Name of publisher, distributor, etc | Primus Books |
| Date of publication, distribution, etc | 2016 |
| 270 ## - ADDRESS | |
| Address | Virat Bhawan, Mukherjee Nagar Commercial Complex |
| City | Delhi |
| Postal code | 110009 |
| 300 ## - PHYSICAL DESCRIPTION | |
| Extent | xiii,183p. : |
| Other physical details | ill. |
| Dimensions | 25cm(Hb) |
| 490 ## - SERIES STATEMENT | |
| Series statement | Issues in history |
| 500 ## - GENERAL NOTE | |
| General note | Includes index |
| 700 ## - ADDED ENTRY--PERSONAL NAME | |
| Personal name | Ghosh, Lipi |
| 700 ## - ADDED ENTRY--PERSONAL NAME | |
| Personal name | Mukherjee,Rila |
| 942 ## - ADDED ENTRY ELEMENTS (KOHA) | |
| Source of classification or shelving scheme | Dewey Decimal Classification |
| Item type | English Books |
| Call number suffix | RET |
| Classification part | 303.4825 |
| Withdrawn status | Lost status | Not for loan | Collection code | Home library | Current library | Date acquired | Source of acquisition | Cost, normal purchase price | Full call number | Barcode | Copy number | Cost, replacement price | Koha item type |
|---|---|---|---|---|---|---|---|---|---|---|---|---|---|
| Not For Loan | Non-fiction | D.B.Act.Division | Bawana | 13/06/2016 | DBAD/PUB | 1450.00 | 303.4825 RET | EN-98785 | 1 | 1450.00 | English Books |
